[Event "Transcontinental 7 A"]
[Site "Montreal CAN"]
[Date "2012.05.05"]
[Round "3"]
[White "Lacroix, Serge"]
[Black "Carrier, Claude"]
[Result "0-1"]
[WhiteElo "1855"]
[BlackElo "2177"]
[PlyCount "90"]
[GameId "2160767909509531"]
[EventDate "2012.05.04"]
[EventType "tourn"]
[EventRounds "5"]
[EventCountry "CAN"]
[SourceTitle "EXT 2022"]
[Source "ChessBase"]
[SourceDate "2021.10.06"]
[SourceVersion "1"]
[SourceVersionDate "2021.10.06"]
[SourceQuality "1"]

1. e4 c5 2. Nf3 e6 3. d4 cxd4 4. Nxd4 Nf6 5. Nc3 d6 6. Be3 a6 7. g4 h6 8. Rg1 g5 9. Qd2 Nc6 10. Be2 Qc7 11. a4 Bd7 12. h4 gxh4 13. g5 hxg5 14. Bxg5 Be7 15. O-O-O O-O-O 16. f3 Ne5 17. Nb3 Bc6 18. Qd4 Nh5 19. Bxe7 Qxe7 20. Qa7 Qc7 21. Nd4 Ng3 22. Nxc6 Nxe2+ 23. Nxe2 Qxc6 24. Nd4 Qxa4 25. Kb1 h3 26. Nxe6 fxe6 27. Rg7 Nd7 28. Rxd6 h2 29. Qa8+ Kc7 30. Rdxd7+ Qxd7 31. Rxd7+ Rxd7 32. Qxh8 Rd1+ 33. Ka2 h1=Q 34. Qe5+ Kd7 35. Qg7+ Kc8 36. Qf8+ Rd8 37. Qc5+ Kb8 38. Qe5+ Ka8 39. f4 Qh2 40. Qc7 Rf8 41. c3 Qxf4 42. Qc4 e5 43. Qb4 Qf7+ 44. Ka3 Rd8 45. Qc5 Qf8 0-1

[Event "Transcontinental 7 A"]
[Site "Montreal CAN"]
[Date "2012.05.05"]
[Round "3"]
[White "Rondon, Luciano"]
[Black "Caceres Cortes, Julio"]
[Result "1/2-1/2"]
[WhiteElo "1820"]
[BlackElo "2005"]
[PlyCount "85"]
[GameId "2160767909509532"]
[EventDate "2012.05.04"]
[EventType "tourn"]
[EventRounds "5"]
[EventCountry "CAN"]
[SourceTitle "EXT 2022"]
[Source "ChessBase"]
[SourceDate "2021.10.06"]
[SourceVersion "1"]
[SourceVersionDate "2021.10.06"]
[SourceQuality "1"]

1. d4 Nf6 2. c4 e6 3. Nf3 b6 4. g3 Ba6 5. Qc2 Bb7 6. Nc3 Bb4 7. a3 Bxc3+ 8. Qxc3 Ne4 9. Qc2 f5 10. Bg2 Nc6 11. b3 O-O 12. Bb2 Qe7 13. O-O Rae8 14. d5 Nd8 15. Rad1 d6 16. b4 e5 17. Nd2 Nxd2 18. Qxd2 f4 19. Bh3 Rf6 20. c5 Rh6 21. Bg2 Bc8 22. cxb6 axb6 23. Rc1 Rf8 24. Rc3 Bh3 25. Bxh3 Rxh3 26. Rfc1 Qg5 27. Qc2 Qh5 28. Qe4 Rxh2 29. Qf3 Qh6 30. Rxc7 fxg3 31. Qxg3 Rh3 32. Qg2 Rb3 33. R1c2 Nf7 34. Bc1 Rb1 35. Rc8 g6 36. Qg4 Qg5 37. Qxg5 Nxg5 38. Kg2 Ne4 39. Bh6 Rxc8 40. Rxc8+ Kf7 41. Rc7+ Kf6 42. Rxh7 g5 43. Rb7 1/2-1/2

[Event "Transcontinental 7 A"]
[Site "Montreal CAN"]
[Date "2012.05.06"]
[Round "4"]
[White "Carrier, Claude"]
[Black "Rondon, Luciano"]
[Result "1-0"]
[WhiteElo "2177"]
[BlackElo "1820"]
[PlyCount "89"]
[GameId "2160767909509533"]
[EventDate "2012.05.04"]
[EventType "tourn"]
[EventRounds "5"]
[EventCountry "CAN"]
[SourceTitle "EXT 2022"]
[Source "ChessBase"]
[SourceDate "2021.10.06"]
[SourceVersion "1"]
[SourceVersionDate "2021.10.06"]
[SourceQuality "1"]

1. e4 c5 2. Nf3 e6 3. d4 cxd4 4. Nxd4 Nf6 5. Nc3 d6 6. Be3 Be7 7. f3 O-O 8. Qd2 Nc6 9. O-O-O d5 10. g4 dxe4 11. g5 Nd5 12. Nxc6 bxc6 13. Nxe4 Nxe3 14. Qxe3 Qb6 15. Qxb6 axb6 16. Bc4 Ba6 17. Bxa6 Rxa6 18. a3 Ra5 19. h4 Rd5 20. c4 Rdd8 21. b4 f5 22. gxf6 Bxf6 23. Nxf6+ gxf6 24. a4 Rxd1+ 25. Rxd1 Ra8 26. Kb2 Rxa4 27. Kb3 Ra7 28. Rd6 Rc7 29. Rxe6 Kf7 30. Rd6 Ke7 31. c5 b5 32. Kc3 Kf7 33. Kd4 Kg6 34. Ke4 Re7+ 35. Kf4 Rc7 36. h5+ Kxh5 37. Rxf6 h6 38. Kf5 Rd7 39. Rxc6 Rd4 40. Rb6 Rxb4 41. c6 Rc4 42. Ke6 Kg6 43. Kd5 Rc1 44. c7+ Kf7 45. Rc6 1-0

[Event "Transcontinental 7 A"]
[Site "Montreal CAN"]
[Date "2012.05.06"]
[Round "4"]
[White "Cloutier, Mathieu"]
[Black "Lacroix, Serge"]
[Result "1/2-1/2"]
[WhiteElo "2096"]
[BlackElo "1855"]
[PlyCount "125"]
[GameId "2160767909509534"]
[EventDate "2012.05.04"]
[EventType "tourn"]
[EventRounds "5"]
[EventCountry "CAN"]
[SourceTitle "EXT 2022"]
[Source "ChessBase"]
[SourceDate "2021.10.06"]
[SourceVersion "1"]
[SourceVersionDate "2021.10.06"]
[SourceQuality "1"]

1. e4 c6 2. d4 d5 3. Nc3 dxe4 4. Nxe4 Bf5 5. Ng3 Bg6 6. h4 h6 7. Nf3 Nd7 8. h5 Bh7 9. Bd3 Bxd3 10. Qxd3 Qc7 11. Bd2 Ngf6 12. Ne4 e6 13. O-O-O Nxe4 14. Qxe4 Nf6 15. Qe2 Bd6 16. g3 O-O-O 17. c4 c5 18. Bc3 cxd4 19. Nxd4 a6 20. Kb1 Rd7 21. Nb3 Rhd8 22. Ba5 b6 23. Bxb6 Qxb6 24. c5 Qb5 25. Qf3 Bb8 26. Rxd7 Rxd7 27. Qa8 Qb7 28. Qxb7+ Rxb7 29. Na5 Rb5 30. Nb3 a5 31. Rh4 Rb4 32. Nxa5 Rxh4 33. gxh4 Ne4 34. b4 Bc7 35. Nc4 Nxf2 36. b5 Ne4 37. b6 Nxc5 38. bxc7 Kxc7 39. Kc2 f6 40. Kd2 Ne4+ 41. Ke3 Nd6 42. Nd2 Nf5+ 43. Kf4 Nxh4 44. a4 Nf5 45. Ne4 Nd6 46. Nc5 e5+ 47. Kg4 Kb6 48. Ne6 Ne8 49. Kf5 Ka5 50. Kg6 e4 51. Kf7 e3 52. Nf4 Nc7 53. Ne2 f5 54. Kg6 Kxa4 55. Kxf5 Nd5 56. Kg6 Nf6 57. Kxg7 Nxh5+ 58. Kxh6 Nf6 59. Kg5 Nd5 60. Kg4 Kb4 61. Kf3 Kc4 62. Nf4 Nxf4 63. Kxe3 1/2-1/2

[Event "Transcontinental 7 A"]
[Site "Montreal CAN"]
[Date "2012.05.06"]
[Round "4"]
[White "Perna-Fraser, David"]
[Black "Caceres Cortes, Julio"]
[Result "0-1"]
[WhiteElo "1679"]
[BlackElo "2005"]
[PlyCount "48"]
[GameId "2160767909509535"]
[EventDate "2012.05.04"]
[EventType "tourn"]
[EventRounds "5"]
[EventCountry "CAN"]
[SourceTitle "EXT 2022"]
[Source "ChessBase"]
[SourceDate "2021.10.06"]
[SourceVersion "1"]
[SourceVersionDate "2021.10.06"]
[SourceQuality "1"]

1. f4 e5 2. fxe5 d6 3. exd6 Bxd6 4. Nf3 g5 5. g3 g4 6. Nh4 Ne7 7. Bg2 Ng6 8. Nxg6 hxg6 9. O-O Qg5 10. d4 Qh5 11. Qd3 Nc6 12. Bf4 Qxh2+ 13. Kf2 Bxf4 14. Qe4+ Be6 15. Qxf4 O-O-O 16. Rh1 Rxd4 17. e4 Qxh1 18. Bxh1 Rxh1 19. Nd2 Rxa1 20. Nb3 Bxb3 21. axb3 f5 22. Qg5 Rxe4 23. Qxg6 Ra5 24. Qg8+ Nd8 0-1

[Event "Transcontinental 7 A"]
[Site "Montreal CAN"]
[Date "2012.05.06"]
[Round "5"]
[White "Caceres Cortes, Julio"]
[Black "Carrier, Claude"]
[Result "1/2-1/2"]
[WhiteElo "2005"]
[BlackElo "2177"]
[PlyCount "89"]
[GameId "2160767909509536"]
[EventDate "2012.05.04"]
[EventType "tourn"]
[EventRounds "5"]
[EventCountry "CAN"]
[SourceTitle "EXT 2022"]
[Source "ChessBase"]
[SourceDate "2021.10.06"]
[SourceVersion "1"]
[SourceVersionDate "2021.10.06"]
[SourceQuality "1"]

1. e4 c5 2. Nf3 e6 3. d4 cxd4 4. Nxd4 Nf6 5. Nc3 d6 6. Bg5 h6 7. Bh4 Be7 8. Ndb5 a6 9. Bxf6 gxf6 10. Nd4 Nc6 11. Qd2 Qa5 12. O-O-O Nxd4 13. Qxd4 b5 14. a3 Bb7 15. Be2 e5 16. Qd2 f5 17. Kb1 fxe4 18. Rhg1 O-O-O 19. Bg4+ Kb8 20. Nxe4 Qxd2 21. Nxd2 d5 22. Nf3 f6 23. Nh4 Bc5 24. Rgf1 d4 25. f3 Bc8 26. Nf5 h5 27. Bh3 Rhg8 28. b4 Bf8 29. f4 Bxf5 30. Bxf5 Rxg2 31. fxe5 fxe5 32. Be4 Re2 33. Bd3 Re3 34. Rf6 e4 35. Bf1 Rxa3 36. Bg2 Bxb4 37. Kb2 Re3 38. Rxa6 Kb7 39. Re6 Bc3+ 40. Kb3 Bd2+ 41. Kb2 Bc3+ 42. Kb3 Kc7 43. Rxe4 Rxe4 44. Bxe4 Kd6 45. Rg1 1/2-1/2

[Event "Transcontinental 7 A"]
[Site "Montreal CAN"]
[Date "2012.05.06"]
[Round "5"]
[White "Lacroix, Serge"]
[Black "Perna-Fraser, David"]
[Result "0-1"]
[WhiteElo "1855"]
[BlackElo "1679"]
[PlyCount "120"]
[GameId "2160767909509537"]
[EventDate "2012.05.04"]
[EventType "tourn"]
[EventRounds "5"]
[EventCountry "CAN"]
[SourceTitle "EXT 2022"]
[Source "ChessBase"]
[SourceDate "2021.10.06"]
[SourceVersion "1"]
[SourceVersionDate "2021.10.06"]
[SourceQuality "1"]

1. e4 e5 2. Nf3 Nf6 3. Nxe5 d6 4. Nf3 Nxe4 5. d4 d5 6. Bd3 Be7 7. O-O O-O 8. Re1 Bf5 9. c4 Bb4 10. Re2 c6 11. a3 Ba5 12. b4 Bc7 13. Qc2 Nd7 14. Nc3 Ndf6 15. cxd5 Nxc3 16. Qxc3 Bxd3 17. Qxd3 cxd5 18. Bg5 Qd6 19. Bxf6 Qxf6 20. Rae1 Qc6 21. g3 Rae8 22. Ne5 Bxe5 23. dxe5 Rc8 24. Qf5 Qe6 25. Qd3 a6 26. h4 h6 27. Rd2 Rfd8 28. Kh2 b5 29. Rc2 Rxc2 30. Qxc2 Rc8 31. Qd3 Qb6 32. Kg2 Qc6 33. Qd4 Qc4 34. Qb6 Rc6 35. Qd8+ Kh7 36. Qe8 d4 37. Qd7 d3 38. Qf5+ Kg8 39. Rd1 Qd5+ 40. Qf3 Qxf3+ 41. Kxf3 Rc3 42. Ke4 Rxa3 43. Rxd3 Ra2 44. f4 Rb2 45. Rd4 h5 46. Kd5 Rb3 47. Kc5 Rxg3 48. f5 Rf3 49. Kb6 Rxf5 50. Re4 f6 51. Kxa6 Rxe5 52. Rxe5 fxe5 53. Kxb5 g5 54. Ka5 e4 55. b5 e3 56. b6 e2 57. b7 e1=Q+ 58. Kb6 Qb1+ 59. Kc6 Qxb7+ 60. Kxb7 gxh4 0-1

[Event "Transcontinental 7 A"]
[Site "Montreal CAN"]
[Date "2012.05.06"]
[Round "5"]
[White "Rondon, Luciano"]
[Black "Cloutier, Mathieu"]
[Result "1/2-1/2"]
[WhiteElo "1820"]
[BlackElo "2096"]
[PlyCount "64"]
[GameId "2160767909509538"]
[EventDate "2012.05.04"]
[EventType "tourn"]
[EventRounds "5"]
[EventCountry "CAN"]
[SourceTitle "EXT 2022"]
[Source "ChessBase"]
[SourceDate "2021.10.06"]
[SourceVersion "1"]
[SourceVersionDate "2021.10.06"]
[SourceQuality "1"]

1. d4 Nf6 2. c4 c5 3. d5 e6 4. Nc3 exd5 5. cxd5 d6 6. e4 g6 7. Nf3 Bg7 8. Bd3 O-O 9. O-O a6 10. a4 Bg4 11. h3 Bxf3 12. Qxf3 Nfd7 13. Qd1 Ne5 14. Be3 g5 15. Ne2 Nbd7 16. Ng3 Nxd3 17. Qxd3 Ne5 18. Qe2 f6 19. f4 gxf4 20. Rxf4 Kh8 21. Nf5 Ng6 22. Rg4 Rf7 23. h4 Ne5 24. Rg3 Qd7 25. Rf1 Rg8 26. Bh6 Bf8 27. Rxg8+ Kxg8 28. Qf2 Kh8 29. Bxf8 Rxf8 30. Qf4 Nf7 31. Ng3 Ne5 32. Nf5 Nf7 1/2-1/2

[Event "Varennes U1800"]
[Site "Varennes CAN"]
[Date "2012.11.17"]
[Round "3"]
[White "Blais, Georges"]
[Black "Chesnut, Walter"]
[Result "1-0"]
[WhiteElo "1463"]
[BlackElo "1568"]
[PlyCount "93"]
[GameId "2160767909411426"]
[EventDate "2012.11.16"]
[EventType "swiss"]
[EventRounds "5"]
[EventCountry "CAN"]

1. d4 Nf6 2. Nf3 e6 3. g3 d5 4. Bg2 Bd6 5. c4 c6 6. cxd5 exd5 7. O-O Nbd7 8. Nc3 O-O 9. e3 b6 10. a3 a5 11. Qb3 Ba6 12. Re1 Ne4 13. Nxe4 dxe4 14. Nd2 a4 15. Qxa4 Bb5 16. Qb3 Ba4 17. Qa2 Nf6 18. Nxe4 Nxe4 19. Bxe4 Qe7 20. Bg2 Bc2 21. Qc4 Be4 22. Bd2 b5 23. Qc3 Ra4 24. b4 Rfa8 25. Qb2 Bxg2 26. Kxg2 Qe4+ 27. f3 Qd3 28. Bc3 h5 29. e4 Be7 30. d5 cxd5 31. exd5 Bg5 32. Red1 Qg6 33. d6 h4 34. d7 hxg3 35. hxg3 Qe6 36. Bxg7 Rd8 37. Qe5 Qxe5 38. Bxe5 Ra7 39. Rd5 Be7 40. Rxb5 Rdxd7 41. Rb8+ Kh7 42. a4 Rd2+ 43. Kh3 Ra6 44. Rh8+ Kg6 45. b5 Rb6 46. Bf4 Re2 47. Rh6+ 1-0

[Event "Varennes U1800"]
[Site "Varennes CAN"]
[Date "2012.11.18"]
[Round "5"]
[White "Morin, Gaetan"]
[Black "Bedard, Michel"]
[Result "1/2-1/2"]
[WhiteElo "1639"]
[BlackElo "1606"]
[PlyCount "134"]
[GameId "2160767909411427"]
[EventDate "2012.11.16"]
[EventType "swiss"]
[EventRounds "5"]
[EventCountry "CAN"]

1. e4 e5 2. Nf3 Nf6 3. Nxe5 d6 4. Nf3 Nxe4 5. d4 d5 6. Bd3 Nc6 7. O-O Be7 8. Nc3 Nxc3 9. bxc3 Bg4 10. a4 O-O 11. Ba3 Bxa3 12. Rxa3 Qd6 13. Ra1 Qf6 14. Be2 Rae8 15. h3 Bh5 16. Re1 Re6 17. g4 Bg6 18. Bd3 Rxe1+ 19. Nxe1 Re8 20. Kg2 Qe6 21. Qd2 Be4+ 22. Kg3 Qg6 23. Qf4 Ne7 24. Kh2 f5 25. f3 Bxd3 26. Nxd3 fxg4 27. fxg4 Rf8 28. Qxc7 Qe4 29. Rg1 Rc8 30. Qf4 Qxf4+ 31. Nxf4 Rxc3 32. Rb1 Rxc2+ 33. Kg3 b6 34. a5 Rc6 35. axb6 axb6 36. Re1 Kf7 37. Ra1 Rc7 38. Rb1 Rc3+ 39. Kg2 Rc6 40. Ra1 Rc7 41. Rb1 g5 42. Ne2 Rb7 43. Rb5 Ke6 44. Ng1 Kd6 45. Nf3 h6 46. h4 gxh4 47. Nxh4 Kc6 48. Rb4 b5 49. Nf3 Ng6 50. Kg3 Ra7 51. Rb1 Ra4 52. Rh1 Kb7 53. Rxh6 Ra6 54. g5 b4 55. Ne5 Ra3+ 56. Kg4 Nxe5+ 57. dxe5 b3 58. Rh1 Kc7 59. g6 Ra2 60. Kf5 Rf2+ 61. Ke6 Kc6 62. g7 Rg2 63. Kf7 Rf2+ 64. Kg8 b2 65. Rb1 Kd7 66. Kh7 Rh2+ 67. Kg6 Rg2+ 1/2-1/2

[Event "Varennes op"]
[Site "Varennes CAN"]
[Date "2012.11.16"]
[Round "1"]
[White "Libersan, Thierry"]
[Black "Barre, Michel"]
[Result "1/2-1/2"]
[WhiteElo "2086"]
[BlackElo "1882"]
[PlyCount "99"]
[GameId "2160767909411428"]
[EventDate "2012.11.16"]
[EventType "swiss"]
[EventRounds "5"]
[EventCountry "CAN"]
[SourceTitle "EXT 2022"]
[Source "ChessBase"]
[SourceDate "2021.10.06"]
[SourceVersion "1"]
[SourceVersionDate "2021.10.06"]
[SourceQuality "1"]

1. e4 d5 2. exd5 Qxd5 3. Nc3 Qa5 4. d4 Nf6 5. Bc4 c6 6. Bb3 Bf5 7. Nf3 e6 8. O-O Nbd7 9. h3 Bd6 10. Qe2 O-O 11. Bd2 Qc7 12. Nh4 Bg6 13. Nxg6 hxg6 14. Rad1 Rfe8 15. f4 a6 16. Be3 b5 17. Qf3 Nb6 18. g4 Nbd5 19. Bd2 Rad8 20. f5 gxf5 21. gxf5 e5 22. dxe5 Bxe5 23. Bg5 Nxc3 24. Rxd8 Rxd8 25. bxc3 c5 26. Bxf6 Bxf6 27. Bd5 c4 28. Rd1 Qe5 29. Kg2 Kf8 30. Rd2 Rd6 31. Rd1 Be7 32. Kh1 Rh6 33. Rf1 Bd6 34. Rf2 Qe1+ 35. Rf1 Qd2 36. Qg2 Qxc3 37. Bf3 Qe5 38. Bg4 Bb8 39. Rd1 Rd6 40. Rxd6 Bxd6 41. Qe2 Qa1+ 42. Qd1 Qe5 43. Qe2 Qf4 44. Kg2 a5 45. Qf3 Qh2+ 46. Kf1 Qxc2 47. Qa8+ Ke7 48. Qa7+ Kf8 49. Qa8+ Ke7 50. Qa7+ 1/2-1/2

[Event "Varennes op"]
[Site "Varennes CAN"]
[Date "2012.11.16"]
[Round "1"]
[White "Masse, Hugues"]
[Black "Weston, Paul"]
[Result "1-0"]
[WhiteElo "2217"]
[BlackElo "1994"]
[PlyCount "51"]
[GameId "2160767909411429"]
[EventDate "2012.11.16"]
[EventType "swiss"]
[EventRounds "5"]
[EventCountry "CAN"]
[SourceTitle "EXT 2022"]
[Source "ChessBase"]
[SourceDate "2021.10.06"]
[SourceVersion "1"]
[SourceVersionDate "2021.10.06"]
[SourceQuality "1"]

1. d4 d5 2. c4 e6 3. Nf3 c6 4. e3 f5 5. Bd3 Nf6 6. O-O Bd6 7. b3 Qe7 8. Bb2 O-O 9. Qc1 b6 10. Ba3 Bxa3 11. Qxa3 Qxa3 12. Nxa3 Ba6 13. Rfc1 Rc8 14. Bf1 Bb7 15. Nc2 Nbd7 16. cxd5 cxd5 17. Nb4 a5 18. Nd3 Ba6 19. Nf4 Bxf1 20. Kxf1 Nf8 21. Ng5 h6 22. Ngxe6 g5 23. Nxf8 gxf4 24. Ng6 fxe3 25. Rxc8+ Rxc8 26. Ne7+ 1-0

[Event "Varennes op"]
[Site "Varennes CAN"]
[Date "2012.11.16"]
[Round "1"]
[White "Roy, Myriam"]
[Black "Kleinman, Michael"]
[Result "1/2-1/2"]
[WhiteElo "2009"]
[BlackElo "2258"]
[PlyCount "71"]
[GameId "2160767909411430"]
[EventDate "2012.11.16"]
[EventType "swiss"]
[EventRounds "5"]
[EventCountry "CAN"]
[SourceTitle "EXT 2022"]
[Source "ChessBase"]
[SourceDate "2021.10.06"]
[SourceVersion "1"]
[SourceVersionDate "2021.10.06"]
[SourceQuality "1"]

1. e4 c5 2. Nf3 e6 3. d4 cxd4 4. Nxd4 Nc6 5. Nc3 Qc7 6. Nb3 a6 7. a4 Nf6 8. Bd3 Be7 9. f4 d6 10. O-O b6 11. Qe2 Bb7 12. Be3 O-O 13. g4 Rfe8 14. Rae1 Nd7 15. g5 Bf8 16. Qg4 g6 17. Qh4 Nb4 18. Rf3 Bg7 19. Rh3 Nf8 20. Bd2 Rac8 21. Rf1 Qc6 22. Qf2 d5 23. e5 Nxd3 24. cxd3 d4 25. Ne4 Qxa4 26. Nxd4 Red8 27. Bc3 Bxe4 28. dxe4 Qc4 29. Rd1 b5 30. Rhd3 Rd7 31. Qd2 Rb7 32. Bb4 Qc7 33. Kg2 Qb6 34. Ba5 Qa7 35. Kf3 Rd7 36. Nc2 1/2-1/2

[Event "Varennes op"]
[Site "Varennes CAN"]
[Date "2012.11.17"]
[Round "2"]
[White "Barre, Michel"]
[Black "Dupuis, Stephane"]
[Result "0-1"]
[WhiteElo "1882"]
[BlackElo "2153"]
[PlyCount "141"]
[GameId "2160767909411431"]
[EventDate "2012.11.16"]
[EventType "swiss"]
[EventRounds "5"]
[EventCountry "CAN"]
[SourceTitle "EXT 2022"]
[Source "ChessBase"]
[SourceDate "2021.10.06"]
[SourceVersion "1"]
[SourceVersionDate "2021.10.06"]
[SourceQuality "1"]

1. e4 e5 2. Nf3 Nc6 3. Bc4 Nf6 4. Ng5 d5 5. exd5 Na5 6. Bb5+ c6 7. dxc6 bxc6 8. Be2 h6 9. Nf3 e4 10. Ne5 Bc5 11. c3 Qc7 12. d4 exd3 13. Nxd3 Bd6 14. h3 Bf5 15. O-O Rd8 16. b3 O-O 17. Qc2 Rfe8 18. Rd1 c5 19. Na3 c4 20. bxc4 Qe7 21. Nb5 Bb8 22. Bf1 Nxc4 23. Nd4 Be4 24. Qa4 Nb6 25. Qa3 Bd6 26. Qa6 Nh5 27. Ne2 g5 28. Be3 Bb8 29. Bxb6 axb6 30. Rab1 Qd6 31. g3 Bxd3 32. Qb7 Qc7 33. Rxb6 Bxe2 34. Rxd8 Qxd8 35. Bxe2 Rxe2 36. Qxb8 Qxb8 37. Rxb8+ Kg7 38. a4 Nf6 39. c4 Ra2 40. Rb4 Ne4 41. f3 Nxg3 42. c5 Rc2 43. a5 Rxc5 44. Ra4 Ne2+ 45. Kf2 Nc3 46. Ra1 Nb5 47. Ke3 Kf6 48. Ke4 Ke6 49. a6 f5+ 50. Kd3 Rc3+ 51. Ke2 Rc7 52. Ra5 Na7 53. Kd3 Nc6 54. Ra4 Ne5+ 55. Ke2 Ra7 56. Ke3 Nc6 57. h4 Nb8 58. Rb4 Nd7 59. Ra4 Nc5 60. Ra5 Kd5 61. hxg5 hxg5 62. Rb5 Rxa6 63. Rb8 f4+ 64. Ke2 Ra2+ 65. Kf1 Kd4 66. Re8 Nd3 67. Re4+ Kd5 68. Re8 Ne5 69. Rd8+ Ke6 70. Re8+ Kf6 71. Rf8+ 0-1

[Event "Varennes op"]
[Site "Varennes CAN"]
[Date "2012.11.17"]
[Round "2"]
[White "Chiku-Ratte, Olivier-Kenta"]
[Black "Roy, Myriam"]
[Result "1-0"]
[WhiteElo "2204"]
[BlackElo "2009"]
[PlyCount "51"]
[GameId "2160767909411432"]
[EventDate "2012.11.16"]
[EventType "swiss"]
[EventRounds "5"]
[EventCountry "CAN"]
[SourceTitle "EXT 2022"]
[Source "ChessBase"]
[SourceDate "2021.10.06"]
[SourceVersion "1"]
[SourceVersionDate "2021.10.06"]
[SourceQuality "1"]

1. d4 d5 2. c4 c6 3. Nf3 Nf6 4. Nc3 dxc4 5. a4 Bf5 6. Ne5 e6 7. g3 Bb4 8. Bg2 O-O 9. O-O Nbd7 10. Nxc4 a5 11. Re1 Bg6 12. e4 Rc8 13. Bf4 Nb6 14. Ne5 Nfd7 15. Nxg6 hxg6 16. e5 Nd5 17. Bd2 N7b6 18. Ne4 Bxd2 19. Qxd2 Nb4 20. Red1 N6d5 21. Qe2 Qe7 22. Qg4 Rfd8 23. Ng5 Kf8 24. Be4 Nc7 25. h4 Ke8 26. Nxf7 1-0

[Event "Varennes op"]
[Site "Varennes CAN"]
[Date "2012.11.17"]
[Round "2"]
[White "Girouard, Michel"]
[Black "Libersan, Thierry"]
[Result "0-1"]
[WhiteElo "1874"]
[BlackElo "2086"]
[PlyCount "72"]
[GameId "2160767909411433"]
[EventDate "2012.11.16"]
[EventType "swiss"]
[EventRounds "5"]
[EventCountry "CAN"]
[SourceTitle "EXT 2022"]
[Source "ChessBase"]
[SourceDate "2021.10.06"]
[SourceVersion "1"]
[SourceVersionDate "2021.10.06"]
[SourceQuality "1"]

1. Nf3 Nf6 2. c4 g6 3. g3 Bg7 4. Bg2 O-O 5. Nc3 d6 6. O-O e5 7. d3 Nbd7 8. Rb1 h6 9. b4 Nh5 10. d4 exd4 11. Nxd4 c5 12. bxc5 dxc5 13. Ndb5 a6 14. Nd6 Bxc3 15. Qd3 Bg7 16. Rd1 Ne5 17. Qc2 Qe7 18. Be3 Qc7 19. Bxb7 Bxb7 20. Rxb7 Qc6 21. Qb3 Rad8 22. Rb6 Qd7 23. Bxc5 Qh3 24. f3 Nd7 25. Rc6 Nxc5 26. Rxc5 Qe6 27. Rcd5 Rb8 28. Qd3 Rb2 29. Ne4 Rxa2 30. Rd6 Qe5 31. c5 Ra1 32. Qc4 Nf6 33. c6 Nxe4 34. fxe4 Rxd1+ 35. Rxd1 Qb5 36. Qxb5 axb5 0-1

[Event "Varennes op"]
[Site "Varennes CAN"]
[Date "2012.11.17"]
[Round "2"]
[White "Kleinman, Michael"]
[Black "Masse, Hugues"]
[Result "1/2-1/2"]
[WhiteElo "2258"]
[BlackElo "2217"]
[PlyCount "39"]
[GameId "2160767909411434"]
[EventDate "2012.11.16"]
[EventType "swiss"]
[EventRounds "5"]
[EventCountry "CAN"]
[SourceTitle "EXT 2022"]
[Source "ChessBase"]
[SourceDate "2021.10.06"]
[SourceVersion "1"]
[SourceVersionDate "2021.10.06"]
[SourceQuality "1"]

1. e4 e6 2. d4 d5 3. Nd2 Be7 4. Ngf3 Nf6 5. e5 Nfd7 6. Bd3 c5 7. c3 Nc6 8. O-O a5 9. Re1 cxd4 10. cxd4 Qb6 11. Qa4 g5 12. h3 h5 13. g4 Nf8 14. Nf1 hxg4 15. hxg4 Bd7 16. Be3 Rg8 17. Qd1 Ng6 18. Bxg6 Rxg6 19. Qe2 a4 20. Rec1 1/2-1/2

[Event "Varennes op"]
[Site "Varennes CAN"]
[Date "2012.11.17"]
[Round "2"]
[White "Le Duin, Thierry"]
[Black "Turcotte, Jonathan"]
[Result "0-1"]
[WhiteElo "2081"]
[BlackElo "1899"]
[PlyCount "132"]
[GameId "2160767909411435"]
[EventDate "2012.11.16"]
[EventType "swiss"]
[EventRounds "5"]
[EventCountry "CAN"]
[SourceTitle "EXT 2022"]
[Source "ChessBase"]
[SourceDate "2021.10.06"]
[SourceVersion "1"]
[SourceVersionDate "2021.10.06"]
[SourceQuality "1"]

1. d4 d5 2. Bg5 c5 3. c3 Qb6 4. Qb3 Qxb3 5. axb3 cxd4 6. cxd4 Nc6 7. e3 Bf5 8. Nc3 e6 9. Kd2 Nf6 10. Bxf6 gxf6 11. Bd3 Bg6 12. Nge2 Bb4 13. Nf4 Ke7 14. h4 Bd6 15. Nfe2 h6 16. g3 Bh5 17. Ra4 Rac8 18. Nc1 Bg6 19. N1a2 Bxd3 20. Kxd3 b6 21. Ra6 f5 22. Nb5 Bb8 23. Kd2 Rhd8 24. Rc1 Rd7 25. Ra4 Kd8 26. Rc3 Na5 27. Rxc8+ Kxc8 28. b4 Nc4+ 29. Kc2 Kb7 30. b3 Nd6 31. Nxd6+ Bxd6 32. Nc3 a6 33. b5 a5 34. Ne2 Rc7+ 35. Kd2 Kc8 36. Ra2 Kd7 37. Rc2 Rxc2+ 38. Kxc2 Bb4 39. Nc1 Ke7 40. Nd3 Bd6 41. Kd2 f6 42. Nb2 Kf7 43. Na4 Bc7 44. Ke2 Kg6 45. Kf3 Kh5 46. Kg2 Kg6 47. Kh3 Bd8 48. f3 Bc7 49. Nb2 Bb8 50. Nd3 Bd6 51. Nc1 Bb4 52. Ne2 Bd2 53. Nf4+ Kf7 54. Ng2 e5 55. Kh2 Bc3 56. dxe5 fxe5 57. Kg1 Ke6 58. Kf1 Kd6 59. Ke2 Kc5 60. g4 fxg4 61. fxg4 Kxb5 62. Kd3 Kb4 63. e4 dxe4+ 64. Kxe4 Kxb3 65. g5 hxg5 66. hxg5 Bb4 0-1

[Event "Varennes op"]
[Site "Varennes CAN"]
[Date "2012.11.17"]
[Round "3"]
[White "Dupuis, Stephane"]
[Black "Masse, Hugues"]
[Result "1/2-1/2"]
[WhiteElo "2153"]
[BlackElo "2217"]
[PlyCount "120"]
[GameId "2160767909411436"]
[EventDate "2012.11.16"]
[EventType "swiss"]
[EventRounds "5"]
[EventCountry "CAN"]
[SourceTitle "EXT 2022"]
[Source "ChessBase"]
[SourceDate "2021.10.06"]
[SourceVersion "1"]
[SourceVersionDate "2021.10.06"]
[SourceQuality "1"]

1. e4 e6 2. d4 d5 3. Nc3 Nf6 4. e5 Nfd7 5. f4 c5 6. Nf3 Nc6 7. Be3 Be7 8. Be2 O-O 9. O-O a6 10. a3 b5 11. dxc5 Bxc5 12. Bxc5 Nxc5 13. Nd4 Bb7 14. Nxc6 Bxc6 15. Qd4 Qb6 16. Bd3 Rab8 17. Ne2 Bd7 18. b4 Na4 19. Qxb6 Nxb6 20. Kf2 Nc8 21. Ke3 Ne7 22. Nd4 Rb6 23. c3 Rc8 24. Rfc1 Nc6 25. Nxc6 Rbxc6 26. Kd4 Rb6 27. g4 g6 28. h4 Kf8 29. Ra2 Ke7 30. Rh2 Rg8 31. h5 Rc6 32. hxg6 hxg6 33. Rh7 Kf8 34. Rch1 Rg7 35. Rh8+ Rg8 36. R1h4 Bc8 37. g5 Rc7 38. Rh1 Kg7 39. Rxg8+ Kxg8 40. a4 Bd7 41. Ra1 Kf8 42. axb5 Bxb5 43. Ra5 Bxd3 44. Kxd3 Rc6 45. b5 axb5 46. Rxb5 Rc4 47. Rb8+ Kg7 48. Rb4 Rxb4 49. cxb4 Kf8 50. Kd4 Ke8 51. Kc5 Kd7 52. b5 Kc7 53. b6+ Kc8 54. Kb4 Kb8 55. Kc5 Kb7 56. Kb5 d4 57. Kc4 Kc6 58. Kd3 Kxb6 59. Kxd4 Kb5 60. Kd3 Kc5 1/2-1/2

[Event "Varennes op"]
[Site "Varennes CAN"]
[Date "2012.11.17"]
[Round "3"]
[White "Roy, Myriam"]
[Black "Barre, Michel"]
[Result "1/2-1/2"]
[WhiteElo "2009"]
[BlackElo "1882"]
[PlyCount "52"]
[GameId "2160767909411437"]
[EventDate "2012.11.16"]
[EventType "swiss"]
[EventRounds "5"]
[EventCountry "CAN"]
[SourceTitle "EXT 2022"]
[Source "ChessBase"]
[SourceDate "2021.10.06"]
[SourceVersion "1"]
[SourceVersionDate "2021.10.06"]
[SourceQuality "1"]

1. e4 d5 2. exd5 Qxd5 3. Nc3 Qa5 4. d4 Nf6 5. Bc4 Bf5 6. Nf3 c6 7. O-O e6 8. Bg5 Nbd7 9. a3 Bg4 10. Be3 Bd6 11. h3 Bh5 12. Re1 O-O 13. Be2 Rfe8 14. Qd2 Rad8 15. Rad1 Bb8 16. Nh2 Bg6 17. Nf1 Qc7 18. Qc1 h6 19. Bd3 Nf8 20. Bxg6 Nxg6 21. Re2 Rd7 22. Nb1 Nd5 23. c4 Nxe3 24. Qxe3 Red8 25. Nc3 Qb6 26. Na4 Qc7 1/2-1/2